000 00820nam a22002777a 4500
003 CHAP
005 20220329134523.0
008 971013s1957 r 00010 d
010 _a21564
011 _a22536
035 _a26631
040 _cCHAP
090 _aTesis
100 0 0 _aBoulaine, Jean Louis George.
_914749
245 _aEtude des sols des plaines du Chétif
260 _aAlger :
_bLe auteur,
_c1957
300 _a582 p.
_b: ilus.
502 _aTesis (Dr. en Ciencias Naturales) -- Université d'Alger. Fac. des Sciences
590 _aALEPH
_b10
_c20130110
_lUCH01
_h1246
590 _aBATCH-UPD
_b10
_c20130110
_lUCH01
_h2312
590 _aCONVERSION
_b10
_c20130109
_lUCH01
_h1313
650 1 4 _aSuelos
_xArgelia.
_9110207
901 _aBK
942 _cTESIS
949 _bBC
_cTES
_d-61305
_eTS1
_i26631
_si
999 _c21564
_d21564